[Event "61st Rubinstein Memorial"]
[Site "Polanica Zdroj POL"]
[Date "2025.08.21"]
[Round "6.1"]
[White "Wojtaszek, Radoslaw"]
[Black "Bluebaum, Matthias"]
[WhiteElo "2648"]
[BlackElo "2660"]
[Result "1/2-1/2"]
[EventDate "2025.08.16"]
[PlyCount "60"]
1.Nf3 d5 2.g3 g6 3.Bg2 Bg7 4.d4 Nf6 5.O-O O-O 6.c4 dxc4 7.Na3 c5 8.dxc5 c3 9.Nb5 Na6 10.Nxc3 Nxc5 11.Be3 Nfe4 12.Nxe4 Nxe4 13.Bd4 Bxd4 14.Qxd4 Qxd4 15.Nxd4 Nd6 16.Rac1 Rd8 17.f4 Kf8 18.Kf2 a5 19.Rfd1 Bg4 20.Rd3 Rac8 21. Rdc3 Rxc3 22.Rxc3 Ne4+ 23.Bxe4 Rxd4 24.Bxb7 Rd2 25.Ba6 Rxb2 26.Ra3 Be6 27. Rxa5 Rxa2 28.Rxa2 Bxa2 29.h4 Kg7 30.Bd3 h5 1/2-1/2

[Event "61st Rubinstein Memorial"]
[Site "Polanica Zdroj POL"]
[Date "2025.08.21"]
[Round "6.2"]
[White "Bartel, Mateusz"]
[Black "Aravindh, Chithambaram"]
[WhiteElo "2576"]
[BlackElo "2723"]
[Result "1-0"]
[EventDate "2025.08.16"]
[PlyCount "71"]
1.e4 c5 2.Nf3 Nc6 3.Nc3 g6 4.Bb5 Bg7 5.d3 Nd4 6.a4 a6 7.Bc4 d6 8.Nxd4 cxd4 9.Ne2 e6 10.O-O Ne7 11.c3 dxc3 12.bxc3 O-O 13.Rb1 Nc6 14.Be3 d5 15.Bb6 Qd6 16.Ba2 Re8 17.f4 Bd7 18.e5 Qe7 19.d4 Rec8 20.Rf3 Qe8 21.g4 Ne7 22.a5 Bb5 23.Ng3 Rc6 24.f5 Nc8 25.Qd2 Nxb6 26.axb6 Qd8 27.f6 Bf8 28.h4 Qxb6 29.h5 Rac8 30.hxg6 fxg6 31.f7+ Kh8 32.Kg2 Qc7 33.Rc1 Ba3 34.Rh1 Rf8 35.Qf4 Qe7 36.Bb1 1-0

[Event "61st Rubinstein Memorial"]
[Site "Polanica Zdroj POL"]
[Date "2025.08.21"]
[Round "6.3"]
[White "Kovalenko, Igor"]
[Black "Adams, Michael"]
[WhiteElo "2676"]
[BlackElo "2663"]
[Result "1/2-1/2"]
[EventDate "2025.08.16"]
[PlyCount "127"]
1.c4 e5 2.g3 Nf6 3.Bg2 c6 4.Nf3 e4 5.Nd4 Qb6 6.Nb3 a5 7.d3 a4 8.N3d2 Bc5 9.O-O e3 10.fxe3 Bxe3+ 11.Kh1 Ng4 12.Ne4 O-O 13.Nbc3 d5 14.cxd5 Bxc1 15. Qxc1 Ne3 16.Rf3 Nxd5 17.Qd2 a3 18.Rb1 Nxc3 19.Nxc3 axb2 20.Rxb2 Qc7 21.d4 Nd7 22.e4 Nb6 23.Rb4 c5 24.Rb5 cxd4 25.Qxd4 Ra6 26.Bf1 Nd7 27.Rg5 Rg6 28. Nd5 Qd8 29.Rxg6 hxg6 30.Rc3 Kh7 31.Rc7 Nf6 32.Nxf6+ Qxf6 33.Qxf6 gxf6 34. Bc4 Kg8 35.a4 f5 36.Bxf7+ Rxf7 37.Rxc8+ Kg7 38.exf5 gxf5 39.Rc4 Rd7 40.Rb4 Kf6 41.h4 Rd3 42.Kg2 Ra3 43.Kh3 Ra1 44.Rb6+ Ke5 45.Rb5+ Kf6 46.Rb4 Ke5 47. Rf4 Rb1 48.Rc4 Kf6 49.Kg2 Rb3 50.Rf4 Rb2+ 51.Kh3 Rb3 52.Rd4 Ke5 53.Rc4 Kf6 54.Rc8 Ra3 55.Ra8 Kg7 56.Kg2 Kf7 57.Kf2 Kg7 58.Kg2 Kf7 59.a5 Kg7 60.Ra7 Kg6 61.Rxb7 Rxa5 62.Rb6+ Kg7 63.Rb4 Ra3 64.Rb7+ 1/2-1/2

[Event "61st Rubinstein Memorial"]
[Site "Polanica Zdroj POL"]
[Date "2025.08.21"]
[Round "6.4"]
[White "Yakubboev, Nodirbek"]
[Black "Teclaf, Pawel"]
[WhiteElo "2663"]
[BlackElo "2571"]
[Result "1-0"]
[EventDate "2025.08.16"]
[PlyCount "78"]
1.d4 Nf6 2.c4 e6 3.Nf3 b6 4.a3 Bb7 5.Nc3 Ne4 6.Nxe4 Bxe4 7.Nd2 Bg6 8.h4 Bh5 9.Ne4 d5 10.Ng3 Bg4 11.Bf4 Bd6 12.Qd2 Nc6 13.Rd1 Ne7 14.f3 Bf5 15.e4 Bxf4 16.Qxf4 Ng6 17.Qe3 dxe4 18.Nh5 exf3 19.Nxg7+ Kf8 20.Qh6 Ke7 21.Nxf5+ exf5 22.h5 Qd6 23.hxg6 Qg3+ 24.Kd2 fxg2 25.Re1+ Kd7 26.gxf7 Qg6 27.Bxg2 Qxg2+ 28.Re2 Qg6 29.Qxg6 hxg6 30.Rhe1 Raf8 31.Re7+ Kc8 32.d5 g5 33.b4 g4 34.c5 bxc5 35.bxc5 Kb7 36.d6 Kc6 37.Rxc7+ Kd5 38.d7 Rb8 39.Rc8 Kd4 1-0

[Event "61st Rubinstein Memorial"]
[Site "Polanica Zdroj POL"]
[Date "2025.08.21"]
[Round "6.5"]
[White "Klimkowski, Jan"]
[Black "Navara, David"]
[WhiteElo "2517"]
[BlackElo "2650"]
[Result "0-1"]
[EventDate "2025.08.16"]
[PlyCount "80"]
1.e4 e5 2.Nf3 Nc6 3.Bb5 Nf6 4.d3 Bc5 5.c3 O-O 6.O-O d6 7.Bg5 h6 8.Bh4 g5 9.Bg3 Nh5 10.Nbd2 Nxg3 11.hxg3 Qf6 12.Bxc6 bxc6 13.d4 exd4 14.e5 Qg7 15. cxd4 Bb6 16.a4 a5 17.Nc4 Be6 18.Rc1 g4 19.Nh4 Rad8 20.exd6 Bxd4 21.Qc2 cxd6 22.Nxa5 Bxb2 23.Rb1 Bf6 24.Nb7 Ra8 25.Nxd6 Bxh4 26.gxh4 Qd4 27.Qxc6 g3 28.Ne4 gxf2+ 29.Rxf2 Rac8 30.Qb7 Bf5 31.Nf6+ Qxf6 32.g4 Qxh4 33.gxf5 Kh7 34.Rh2 Qd4+ 35.Kh1 Rb8 36.Qxb8 Rxb8 37.Rxb8 Qd1+ 38.Kg2 Qg4+ 39.Kh1 Qf3+ 40.Rg2 Qf1+ 0-1

[Event "61st Rubinstein Memorial"]
[Site "Polanica Zdroj POL"]
[Date "2025.08.22"]
[Round "7.1"]
[White "Adams, Michael"]
[Black "Yakubboev, Nodirbek"]
[WhiteElo "2663"]
[BlackElo "2663"]
[Result "0-1"]
[EventDate "2025.08.16"]
[PlyCount "156"]
1.e4 c5 2.Nf3 d6 3.Bb5+ Nd7 4.a4 Nf6 5.Nc3 a6 6.Bc4 Qa5 7.Ba2 e6 8.O-O b5 9.axb5 axb5 10.d3 Be7 11.Bf4 b4 12.Ne2 Qxa2 13.Rxa2 Rxa2 14.Qb1 Ra6 15.c3 bxc3 16.bxc3 O-O 17.c4 Ng4 18.Nc3 Bf6 19.Qc2 Nde5 20.Nxe5 Nxe5 21.Rb1 Bd7 22.h3 Rfa8 23.Nb5 h6 24.Qd1 Rb6 25.Nc7 Rab8 26.Rxb6 Rxb6 27.Be3 Rb7 28.Nb5 Bxb5 29.cxb5 Rxb5 30.Qa4 Rb1+ 31.Kh2 g5 32.d4 cxd4 33.Bxd4 Kg7 34.Be3 h5 35.Qc2 Ra1 36.Qe2 Kg6 37.Qc2 h4 38.Qc8 Kg7 39.Qc2 Ng6 40.g3 hxg3+ 41.fxg3 Ra3 42.Bc1 Rc3 43.Qd2 Rb3 44.Qc2 Rb5 45.Kg2 Rc5 46.Qd2 d5 47.exd5 Rxd5 48. Qe2 Re5 49.Qc2 Rb5 50.Qe2 Rb3 51.Qc2 Rc3 52.Qd2 Be5 53.Qxg5 Rxg3+ 54.Qxg3 Bxg3 55.Kxg3 Nf8 56.h4 Kg6 57.Kg4 f5+ 58.Kf4 Nd7 59.Bb2 Kh5 60.Kg3 Nc5 61. Bd4 Nd3 62.Bf6 Kg6 63.Bd8 Ne5 64.Kf4 Nc6 65.Bc7 Kf6 66.Kf3 Ne5+ 67.Ke3 Nf7 68.Kf3 e5 69.Ke3 Ke6 70.Kf3 f4 71.Ke4 Nd6+ 72.Kf3 Ne8 73.Ba5 Nf6 74.Bc3 Kf5 75.Ke2 e4 76.Bd2 Kg4 77.Bc3 Nd5 78.Be5 f3+ 0-1

[Event "61st Rubinstein Memorial"]
[Site "Polanica Zdroj POL"]
[Date "2025.08.22"]
[Round "7.2"]
[White "Aravindh, Chithambaram"]
[Black "Wojtaszek, Radoslaw"]
[WhiteElo "2723"]
[BlackElo "2648"]
[Result "1/2-1/2"]
[EventDate "2025.08.16"]
[PlyCount "81"]
1.d4 Nf6 2.c4 e6 3.Nc3 Bb4 4.Nf3 b6 5.Qb3 a5 6.g3 Bb7 7.Bg2 O-O 8.O-O h6 9.Qc2 Bxc3 10.Qxc3 d6 11.b3 Nbd7 12.Bb2 Re8 13.Rad1 Qe7 14.Rfe1 Qf8 15.Bh3 Rad8 16.Nd2 c5 17.e4 cxd4 18.Qxd4 Nc5 19.f3 Nfd7 20.Re3 Ne5 21.Qc3 Nc6 22. Nb1 Bc8 23.Bf1 Ne7 24.Qe1 d5 25.cxd5 exd5 26.Bb5 Bd7 27.Bxd7 Rxd7 28.exd5 Red8 29.Nc3 Kh7 30.d6 Nc8 31.Ne4 Nxe4 32.Rxe4 Rxd6 33.Rxd6 Nxd6 34.Ba3 Qg8 35.Re5 f6 36.Re6 Nb5 37.Bb2 Nd4 38.Bxd4 Rxd4 39.Kg2 Qc8 40.g4 Qc2+ 41.Re2 1/2-1/2

[Event "61st Rubinstein Memorial"]
[Site "Polanica Zdroj POL"]
[Date "2025.08.22"]
[Round "7.3"]
[White "Bluebaum, Matthias"]
[Black "Kovalenko, Igor"]
[WhiteElo "2660"]
[BlackElo "2676"]
[Result "1/2-1/2"]
[EventDate "2025.08.16"]
[PlyCount "88"]
1.d4 d5 2.c4 c6 3.Nf3 Nf6 4.Nc3 dxc4 5.a4 Bf5 6.Ne5 e6 7.f3 Bb4 8.e4 Bxe4 9.fxe4 Nxe4 10.Bd2 Qxd4 11.Nxe4 Qxe4+ 12.Qe2 Bxd2+ 13.Kxd2 Qd5+ 14.Ke1 Qa5+ 15.Kf2 c3 16.bxc3 Qxc3 17.Rd1 Na6 18.Qe3 Qxe3+ 19.Kxe3 Nc5 20.Bc4 Ke7 21.a5 Rac8 22.Rb1 Rc7 23.Rhd1 Rb8 24.Be2 f6 25.Rdc1 Nd7 26.Nxd7 Kxd7 27. Rb3 Kd6 28.Bf3 Rd8 29.a6 bxa6 30.Ra1 c5 31.Rxa6+ Ke7 32.Rba3 Rdd7 33.Be2 c4 34.Rc3 f5 35.Rxc4 Kf6 36.Rcc6 Rxc6 37.Rxc6 Rb7 38.Bc4 Rb6 39.Rxb6 axb6 40.Kd4 g5 41.Be2 g4 42.Bc4 h5 43.Be2 h4 44.h3 gxh3 1/2-1/2

[Event "61st Rubinstein Memorial"]
[Site "Polanica Zdroj POL"]
[Date "2025.08.22"]
[Round "7.4"]
[White "Teclaf, Pawel"]
[Black "Klimkowski, Jan"]
[WhiteElo "2571"]
[BlackElo "2517"]
[Result "1/2-1/2"]
[EventDate "2025.08.16"]
[PlyCount "32"]
1.e4 c5 2.Nf3 d6 3.Bb5+ Nd7 4.d4 cxd4 5.Qxd4 a6 6.Be2 Ngf6 7.O-O e5 8.Qe3 Nc5 9.Nc3 Be7 10.Rd1 Bd7 11.a4 Ng4 12.Qd2 Nf6 13.Qe3 Ng4 14.Qd2 Nf6 15.Qe3 Ng4 16.Qd2 Nf6 1/2-1/2

[Event "61st Rubinstein Memorial"]
[Site "Polanica Zdroj POL"]
[Date "2025.08.22"]
[Round "7.5"]
[White "Navara, David"]
[Black "Bartel, Mateusz"]
[WhiteElo "2650"]
[BlackElo "2576"]
[Result "1-0"]
[EventDate "2025.08.16"]
[PlyCount "97"]
1.c4 c6 2.d4 d5 3.Nf3 Nf6 4.e3 Bf5 5.Nc3 e6 6.Nh4 Bg6 7.Be2 Nbd7 8.O-O Ne4 9.g3 Be7 10.Nxg6 hxg6 11.cxd5 exd5 12.f3 Ng5 13.e4 Nb6 14.e5 Ne6 15.f4 f5 16.Be3 Qd7 17.a4 a5 18.Qb3 Bd8 19.h4 O-O 20.Nb1 Nc4 21.Bxc4 dxc4 22.Qxc4 Bb6 23.Rd1 Rad8 24.Ra3 Kh7 25.Rad3 Nc7 26.Nc3 Ba7 27.Qb3 Qc8 28.Rc1 Rd7 29.d5 Bxe3+ 30.Rxe3 Nxd5 31.Nxd5 Rxd5 32.Qxd5 cxd5 33.Rxc8 Rxc8 34.Kf2 Rc2+ 35.Kf3 Kg8 36.Rb3 Rc4 37.Rxb7 Rxa4 38.Ke3 Re4+ 39.Kd3 a4 40.Rb5 Kf7 41.Rxd5 a3 42.Rd7+ Kf8 43.bxa3 Ra4 44.e6 Rxa3+ 45.Kd4 Rxg3 46.Rf7+ Kg8 47. h5 Rf3 48.hxg6 Rxf4+ 49.Kc5 1-0

[Event "61st Rubinstein Memorial"]
[Site "Polanica Zdroj POL"]
[Date "2025.08.23"]
[Round "8.1"]
[White "Yakubboev, Nodirbek"]
[Black "Bluebaum, Matthias"]
[WhiteElo "2663"]
[BlackElo "2660"]
[Result "1/2-1/2"]
[EventDate "2025.08.16"]
[PlyCount "77"]
1.d4 d5 2.c4 e6 3.Nf3 Nf6 4.Nc3 Be7 5.Bf4 c5 6.dxc5 Bxc5 7.a3 Nc6 8.b4 Be7 9.e3 O-O 10.cxd5 Nxd5 11.Nxd5 exd5 12.Bd3 Bf6 13.Rc1 a6 14.h4 d4 15.Rc5 dxe3 16.fxe3 Ne7 17.Ng5 g6 18.h5 Nd5 19.hxg6 hxg6 20.Bxg6 Nxf4 21.Bxf7+ Rxf7 22.Rh8+ Bxh8 23.Qxd8+ Rf8 24.Qe7 Nxg2+ 25.Kd2 Bg7 26.Rxc8 Rfxc8 27. Qf7+ Kh8 28.Qh5+ Kg8 29.Qh7+ Kf8 30.Qf5+ Kg8 31.Qh7+ Kf8 32.Ne6+ Kf7 33. Qf5+ Kg8 34.Qg5 Kf7 35.Qf5+ Kg8 36.Qg5 Kf7 37.Nxg7 Nxe3 38.Kxe3 Rg8 39. Qd5+ 1/2-1/2

[Event "61st Rubinstein Memorial"]
[Site "Polanica Zdroj POL"]
[Date "2025.08.23"]
[Round "8.2"]
[White "Aravindh, Chithambaram"]
[Black "Navara, David"]
[WhiteElo "2723"]
[BlackElo "2650"]
[Result "1/2-1/2"]
[EventDate "2025.08.16"]
[PlyCount "65"]
1.d4 Nf6 2.c4 e6 3.Nc3 Bb4 4.Nf3 d5 5.cxd5 exd5 6.Bf4 O-O 7.e3 c5 8.Bd3 Bg4 9.a3 Bxc3+ 10.bxc3 Nh5 11.Be5 Nc6 12.h3 Bxf3 13.Qxf3 g6 14.O-O Nxe5 15.dxe5 Re8 16.Rab1 b6 17.g4 Ng7 18.Rfd1 Qc7 19.Qxd5 Rad8 20.Qf3 Qxe5 21. Bc4 Ne6 22.Rxd8 Rxd8 23.Rd1 Kg7 24.h4 a6 25.a4 Rxd1+ 26.Qxd1 b5 27.axb5 axb5 28.Bxb5 Qxc3 29.Bf1 h6 30.Qd6 Qf6 31.Bc4 Qxh4 32.Bxe6 Qf6 33.Qxc5 1/2-1/2

[Event "61st Rubinstein Memorial"]
[Site "Polanica Zdroj POL"]
[Date "2025.08.23"]
[Round "8.3"]
[White "Wojtaszek, Radoslaw"]
[Black "Kovalenko, Igor"]
[WhiteElo "2648"]
[BlackElo "2676"]
[Result "1/2-1/2"]
[EventDate "2025.08.16"]
[PlyCount "84"]
1.d4 d5 2.c4 c6 3.Nf3 Nf6 4.Nc3 a6 5.c5 Nbd7 6.Bf4 Nh5 7.Bd2 Nhf6 8.Bf4 Nh5 9.Bd2 Nhf6 10.Qc2 g6 11.g3 Bg7 12.Bg2 O-O 13.O-O Re8 14.Rad1 a5 15. Rfe1 b6 16.cxb6 Qxb6 17.Rc1 Bb7 18.Bf4 Qa7 19.Na4 Ne4 20.Be3 Nd6 21.Ne5 Nb8 22.Nc5 Nf5 23.Bf4 Nxd4 24.Qd3 Nf5 25.e4 dxe4 26.Bxe4 Nd6 27.Bg2 Bc8 28.Nxc6 Nxc6 29.Bxc6 Rd8 30.Bxa8 Qxa8 31.Bxd6 exd6 32.Rcd1 Bh3 33.Qd5 Bxb2 34.Nb7 Rd7 35.Nxd6 Qxd5 36.Rxd5 Be6 37.Rb5 Bc3 38.Rc1 Bb4 39.Nb7 Bxa2 40. Nxa5 Bf8 41.Rb7 Rd2 42.Nc6 Ba3 1/2-1/2

[Event "61st Rubinstein Memorial"]
[Site "Polanica Zdroj POL"]
[Date "2025.08.23"]
[Round "8.4"]
[White "Klimkowski, Jan"]
[Black "Adams, Michael"]
[WhiteElo "2517"]
[BlackElo "2663"]
[Result "0-1"]
[EventDate "2025.08.16"]
[PlyCount "52"]
1.d4 Nf6 2.c4 e6 3.Nc3 Bb4 4.f3 c5 5.d5 b5 6.e4 d6 7.Bd2 a6 8.a4 exd5 9. cxd5 bxa4 10.Qxa4+ Nbd7 11.Qc6 Rb8 12.Bxa6 O-O 13.Bxc8 Ne5 14.Qa6 Rxc8 15. Nh3 c4 16.Nf2 Nfd7 17.Be3 Bc5 18.Ncd1 Bxe3 19.Nxe3 Nc5 20.Qa3 Rb8 21.Nfd1 Rb3 22.Qa5 Ncd3+ 23.Kf1 Qf6 24.Nf5 g6 25.Nd4 Rb4 26.Ra4 Qg5 0-1

[Event "61st Rubinstein Memorial"]
[Site "Polanica Zdroj POL"]
[Date "2025.08.23"]
[Round "8.5"]
[White "Bartel, Mateusz"]
[Black "Teclaf, Pawel"]
[WhiteElo "2576"]
[BlackElo "2571"]
[Result "1/2-1/2"]
[EventDate "2025.08.16"]
[PlyCount "60"]
1.e4 e5 2.Nf3 Nc6 3.Bb5 a6 4.Ba4 Nf6 5.d3 d6 6.c4 Bg4 7.Be3 Be7 8.Nbd2 O-O 9.h3 Bd7 10.a3 Nb8 11.d4 exd4 12.Nxd4 c5 13.N4f3 Bxa4 14.Qxa4 Nc6 15.O-O Nd7 16.Rfd1 Bf6 17.Rab1 Rb8 18.b4 b5 19.Qc2 Qe7 20.Nb3 bxc4 21.Qxc4 Nde5 22.Nxe5 Nxe5 23.Qxa6 cxb4 24.axb4 Rxb4 25.Nd2 Rxb1 26.Rxb1 Ng6 27.Rb7 Qd8 28.Qc4 Bg5 29.Bxg5 Qxg5 30.Nf3 Qf6 1/2-1/2

[Event "61st Rubinstein Memorial"]
[Site "Polanica Zdroj POL"]
[Date "2025.08.24"]
[Round "9.2"]
[White "Navara, David"]
[Black "Wojtaszek, Radoslaw"]
[WhiteElo "2650"]
[BlackElo "2648"]
[Result "0-1"]
[EventDate "2025.08.16"]
[PlyCount "94"]
1.e4 e5 2.Nf3 Nc6 3.Bc4 Bc5 4.c3 Nf6 5.d3 a6 6.O-O d6 7.a4 h6 8.Re1 O-O 9. h3 Re8 10.Nbd2 Ba7 11.b4 Be6 12.Bxe6 Rxe6 13.Qc2 Qd7 14.Nf1 d5 15.Be3 Bxe3 16.Nxe3 Ne7 17.c4 d4 18.Nd5 Ng6 19.a5 Nxd5 20.exd5 Re7 21.Kh2 Rae8 22.g3 c6 23.dxc6 Qxc6 24.Nd2 f5 25.Nb3 Rd8 26.Rad1 e4 27.dxe4 Ne5 28.Nd2 d3 29. Qc3 Qf6 30.Kg2 f4 31.Rf1 Qg6 32.Kh2 Qg5 33.Rg1 fxg3+ 34.Rxg3 Qf4 35.Kg1 Re6 36.c5 Rg6 37.Rxg6 Nxg6 38.Qc4+ Kh7 39.e5 Rd4 40.Qe6 Nxe5 41.Re1 Nf3+ 42.Nxf3 Qxf3 43.Re3 Qh5 44.Re4 Rd5 45.Rh4 d2 46.Rxh5 d1=Q+ 47.Kg2 Qxh5 0-1

[Event "61st Rubinstein Memorial"]
[Site "Polanica Zdroj POL"]
[Date "2025.08.24"]
[Round "9.3"]
[White "Teclaf, Pawel"]
[Black "Aravindh, Chithambaram"]
[WhiteElo "2571"]
[BlackElo "2723"]
[Result "0-1"]
[EventDate "2025.08.16"]
[PlyCount "90"]
1.Nf3 Nf6 2.c4 c6 3.Nc3 d5 4.e3 g6 5.Be2 Bg7 6.d4 O-O 7.O-O a6 8.b3 Bg4 9. h3 Bxf3 10.Bxf3 e6 11.Bb2 Nbd7 12.Rc1 Re8 13.Re1 Rc8 14.g3 h5 15.h4 Qb6 16.Rc2 Qa7 17.Bg2 Qb8 18.Rd2 Rcd8 19.Qc2 Rc8 20.Qd1 b5 21.cxd5 cxd5 22.Qe2 Rc6 23.Rc2 Rec8 24.Rec1 Qc7 25.Qd1 Nb8 26.Ba3 Bf8 27.Bc5 Bxc5 28.dxc5 b4 29.Na4 Nbd7 30.Qe1 a5 31.Qd2 Rd8 32.Qd1 Rc8 33.Qd2 Qb8 34.Qd1 R8c7 35.Qd4 e5 36.Qb2 e4 37.Bf1 Qe8 38.Bb5 Qe6 39.Kg2 Ne5 40.Rh1 Qf5 41.Bxc6 Rxc6 42. Qb1 Qf3+ 43.Kg1 Nfg4 44.Qe1 Qf5 45.Qe2 d4 0-1

[Event "61st Rubinstein Memorial"]
[Site "Polanica Zdroj POL"]
[Date "2025.08.24"]
[Round "9.4"]
[White "Bluebaum, Matthias"]
[Black "Klimkowski, Jan"]
[WhiteElo "2660"]
[BlackElo "2517"]
[Result "1/2-1/2"]
[EventDate "2025.08.16"]
[PlyCount "107"]
1.d4 Nf6 2.c4 e6 3.Nc3 Bb4 4.e3 O-O 5.Bd3 d5 6.Nf3 dxc4 7.Bxc4 c5 8.O-O cxd4 9.exd4 b6 10.Qa4 Be7 11.Be3 Bb7 12.Ne5 Nd5 13.Nxd5 Bxd5 14.Rac1 Bxc4 15.Qxc4 Nd7 16.Nc6 Qe8 17.d5 Bf6 18.dxe6 Qxe6 19.Qxe6 fxe6 20.b4 Ne5 21. Nxe5 Bxe5 22.Rc6 Rae8 23.g3 Kf7 24.a4 Rd8 25.a5 bxa5 26.bxa5 Bd4 27.Rc7+ Kg6 28.Bxd4 Rxd4 29.Rxa7 Rd2 30.Ra6 Ra2 31.f4 Rf5 32.Rxe6+ Kf7 33.Re5 Rxe5 34.fxe5+ Ke6 35.Rb1 Rxa5 36.Rb7 g6 37.Rxh7 Rxe5 38.Rh4 Kf5 39.Rf4+ Kg5 40. Kg2 Ra5 41.h4+ Kh5 42.Rf8 g5 43.Kh3 gxh4 44.g4+ Kg6 45.Kxh4 Rb5 46.Rg8+ Kh7 47.Rg5 Rxg5 48.Kxg5 Kg7 49.Kf5 Kf7 50.g5 Kg7 51.g6 Kg8 52.Kf6 Kf8 53. g7+ Kg8 54.Kg6 1/2-1/2

[Event "61st Rubinstein Memorial"]
[Site "Polanica Zdroj POL"]
[Date "2025.08.24"]
[Round "9.5"]
[White "Adams, Michael"]
[Black "Bartel, Mateusz"]
[WhiteElo "2663"]
[BlackElo "2576"]
[Result "1/2-1/2"]
[EventDate "2025.08.16"]
[PlyCount "66"]
1.e4 e5 2.Nf3 Nc6 3.Bb5 f5 4.d3 fxe4 5.dxe4 Nf6 6.O-O d6 7.Nc3 Bg4 8.h3 Bh5 9.Be2 Be7 10.Be3 Bg6 11.Ng5 Qd7 12.Bc4 Nd8 13.f4 exf4 14.Bxf4 h6 15. Nf3 Bf7 16.Qe2 Bxc4 17.Qxc4 Qc6 18.Qb3 Qb6+ 19.Qxb6 axb6 20.e5 dxe5 21. Bxe5 Kd7 22.Rad1+ Kc8 23.a3 Nc6 24.Bg3 Ra5 25.Nh4 Nh5 26.Be1 Rf8 27.Rxf8+ Bxf8 28.Ng6 Bc5+ 29.Kh1 Bd4 30.g4 Nf6 31.Kg2 h5 32.Ne7+ Nxe7 33.Rxd4 Nc6 1/2-1/2